| 000 | 00753nam a22002655a 4500 | ||
|---|---|---|---|
| 001 | 16301713 | ||
| 003 | OSt | ||
| 005 | 20140310182524.0 | ||
| 008 | 100625s2007 ph b 001 0 eng | ||
| 010 | _a 2010338604 | ||
| 020 | _a9789715846257 | ||
| 040 |
_aDLC _cDLC |
||
| 042 | _alcode | ||
| 043 | _aa-ph--- | ||
| 050 |
_aR 724 _b.T583 2007 |
||
| 100 | 1 |
_aTimbreza, Florentino T. _98673 |
|
| 245 | 1 | 0 |
_aBioethics and moral decisions / _cFlorentino T. Timbreza. |
| 260 |
_aQuezon City : _bC & E Pub., _cc2007. |
||
| 300 |
_a306 p. : _c22 cm. |
||
| 500 | _aIncludes bibliographical references and index. | ||
| 906 |
_a7 _bpar _corigode _d3 _encip _f20 _gy-gencatlg |
||
| 942 |
_2lcc _cSSLC |
||
| 999 |
_c14050 _d14050 |
||